Ranking de paises con mejor gastronomía - Estadísticas

Estadísticas generales
  • Esta prueba ha sido intentada 191 veces
  • La puntuación promedio es 17 de 20
Estadísticas de respuestas
Continente Valoración (sobre 5) País % Correcto
Europa 4,59 España
99%
Asia 4,49 China
98%
Europa 4,72 Italia
98%
Asia 4,59 Japón
98%
Europa 4,51 Francia
97%
América del Norte 4,53 México
95%
América del Sur 4,33 Argentina
94%
América del Norte 4,51 Estados Unidos
94%
Europa 4,37 Alemania
92%
América del Sur 4,49 Brasil
89%
Europa 4,68 Grecia
87%
Asia 4,54 India
86%
América del Sur 4,51 Perú
86%
Europa 4,47 Portugal
80%
Asia 4,31 Corea del Sur
78%
Asia 4,52 Turquía
71%
Europa 4,44 Polonia
64%
Asia 4,37 Indonesia
63%
Asia 4,31 Vietnam
59%
Europa 4,33 Croacia
57%
No se encontraron pruebas coincidentes
Distribución de puntuación
Porcentaje de gente con cada puntuación
Porcentaje por número respondido
Historial de tus puntuaciones
No has intentado esta prueba.